000
00281nam a22001217a 4500
008
181016b xxu||||| |||| 00| 0 eng d
041
_a
eng
080
_a
617
100
_a
8
101
_a
OFT
245
_a
Surgery of the Eyelids and Lacrimal system
_c
Jones,L.T
942
_2
udc
_c
BK
999
_c
49848
_d
49848